An approximative and semi-automated method to create MPEG-4 compliant human face models
In this paper, we introduce our method to facilitate the process of creating an MPEG-4 compliant face model based on a simple 3D mesh. The presented method is semi-automatic, and the user needs to choose 56 points on the model as a preprocessing step. We use a cage based deformation technique to app...
Elmentve itt :
| Szerzők: | |
|---|---|
| Testületi szerző: | |
| Dokumentumtípus: | Könyv része |
| Megjelent: |
2018
|
| Sorozat: | Conference of PhD Students in Computer Science
11 |
| Kulcsszavak: | Számítástechnika - előadáskivonat |
| Online Access: | http://acta.bibl.u-szeged.hu/61755 |
| LEADER | 01352naa a2200205 i 4500 | ||
|---|---|---|---|
| 001 | acta61755 | ||
| 005 | 20260224081030.0 | ||
| 008 | 191028s2018 hu o 100 eng d | ||
| 040 | |a SZTE Egyetemi Kiadványok Repozitórium |b hun | ||
| 041 | |a eng | ||
| 100 | 1 | |a Tóth Ákos | |
| 245 | 1 | 3 | |a An approximative and semi-automated method to create MPEG-4 compliant human face models |h [elektronikus dokumentum] / |c Tóth Ákos |
| 260 | |c 2018 | ||
| 300 | |a 21-24 | ||
| 490 | 0 | |a Conference of PhD Students in Computer Science |v 11 | |
| 520 | 3 | |a In this paper, we introduce our method to facilitate the process of creating an MPEG-4 compliant face model based on a simple 3D mesh. The presented method is semi-automatic, and the user needs to choose 56 points on the model as a preprocessing step. We use a cage based deformation technique to approximate an input model with a generic one which already contains the required MPEG-4 parameters. In the paper, we also show how the cage can be constructed to surround the model completely. The resulting model can be used in any MPEG-4 based facial animation player. | |
| 695 | |a Számítástechnika - előadáskivonat | ||
| 700 | 0 | 1 | |a Kunkli Roland |e aut |
| 710 | |a Conference of PhD students in computer science (11.) (2018) (Szeged) | ||
| 856 | 4 | 0 | |u http://acta.bibl.u-szeged.hu/61755/1/cscs_2018_034-037.pdf |z Dokumentum-elérés |